| 000 | 00896nam a22002177a 4500 | ||
|---|---|---|---|
| 003 | Uzh_bibl | ||
| 008 | 260408b |||||||| |||| 00| 0 ukr d | ||
| 020 | _c1.40 | ||
| 040 | _aукр. | ||
| 041 |
_2ukr _aukr |
||
| 080 | _a821(477) | ||
| 090 |
_a821(477) _bП 39 |
||
| 100 | _aПлоткін, Григорій | ||
| 245 |
_aВибране. П'єси _hТекст |
||
| 260 |
_aКиїв _bДніпро _c1978 |
||
| 300 |
_a334 с. _fВ опр. |
||
| 650 |
_aЛітературно-художнє видання _yПереважно у ХХ столітті, в умовах радянської дійсності _zПодії відбуваються у різних місцях (місто, побутові та виробничі простори) |
||
| 653 | _aДрама | ||
| 655 |
_aЗбірка драматичних творів (п’єси) _v[Збірка] |
||
| 942 |
_2udc _cBK |
||
| 999 |
_c17287 _d17287 |
||